=LDR 00000nam 2200000 4500 =001 INLIS000000000031461 =005 20130612133531 =008 ***********************************Ind** =035 ##$$a0010-061300000031461 =041 ##$$a Ind =082 ##$$a 2X4.3 =090 ##$$a 2X4.3, Eka f =100 ##$$a Ghazaly, Abd. Rahman =245 ##$$a Fiqih Munakahat, Abd. Rahman Ghazaly =260 ##$$a 2001 $b Jakarta =300 ##$$a xi, 317 hlm, 22 cm =650 ##$$a Munakahat - Fiqih =850 ##$$a NBPNMAT =990 ##$$a 0001/BPAP-NTB/20142014